Former Flags of South East Asia Countries/Territories - Statistics

General Stats
  • This quiz has been taken 58 times
  • The average score is 7 of 13
Answer Stats
Picture Answer % Correct
Siam
97%
Burma
83%
Khmer Rogue (Kampuchea)
83%
Republic of Vietnam (South Vietnam)
69%
Kingdom of Luang Phrabang (North Laos)
62%
Bruneian Sultanate
52%
Aceh Sultanate
38%
Malayan Union (Confederation of Malaya)
34%
Dutch New Guinea (West Papua)
31%
Johor
31%
Bali Kingdoms
28%
Majapahit Empire
28%
Sultanate of Sulu
24%
No matching quizzes found
Score Distribution
Percent of People with Each Score
Percentile by Number Answered
Your Score History
You have not taken this quiz